| 000 | 00315nam a2200097Ia 4500 | ||
|---|---|---|---|
| 082 | _aT 618.928526 ZAHE | ||
| 245 | 0 | _aFrequently asked questions about athletes and eating disorders | |
| 100 |
_a Zahensky, Barbara A. New York, 2009 1st ed _976388 |
||
| 942 | _cBK | ||
| 008 | 210817s9999 xx 000 0 und d | ||
| 999 |
_c254022 _d254022 |
||